Přístup vysokých škol ke světovým databázovým střediskům
Technické podmienky vstupu do svetových stredísk báz dát. Voľba stredísk báz dát. Vlastná komunikácia so strediskom báz dát. Finančné náklady na získavanie informácií. Prístup k primárnym prameňom.
Salvato in:
| Autore principale: | |
|---|---|
| Natura: | Capitolo di libro |
| Lingua: | ceco |
| Soggetti: | |
| Tags: |
Nessun Tag, puoi essere il primo ad aggiungerne!!
|
MARC
| LEADER | 00000naa a2200000 4500 | ||
|---|---|---|---|
| 001 | r014118 | ||
| 005 | 20221205075525.1 | ||
| 041 | 0 | |a cze | |
| 044 | |a CZ | ||
| 245 | 1 | 0 | |a Přístup vysokých škol ke světovým databázovým střediskům |c J. Šilhánek |
| 520 | |a Technické podmienky vstupu do svetových stredísk báz dát. Voľba stredísk báz dát. Vlastná komunikácia so strediskom báz dát. Finančné náklady na získavanie informácií. Prístup k primárnym prameňom. | ||
| 610 | 2 | 0 | |a školy vysoké |
| 610 | 2 | 0 | |a báza dát |
| 610 | 2 | 0 | |a využitie počítačov |
| 610 | 2 | 0 | |a AIS |
| 610 | 2 | 0 | |a svet |
| 610 | 2 | 0 | |a Česko |
| 100 | 1 | |a Šilhánek, J. | |